000 00375nam a2200145 4500
999 _c509815
_d509815
008 190616b ||||| |||| 00| 0 eng d
100 _aHameed, Asif
_96489
245 _aThe rule of recognition and sources of law in Miller
260 _c2019
300 _ap.61-81.
650 _aConstitutional Law
_96490
773 _aPublic Law
906 _aBrexit
942 _2ddc
_cAR